Progrés technique et organisation du travail bases du progrés social

Enregistré dans:
Détails bibliographiques
Auteur principal: Barbier, P.
Format: Livre
Langue:français
Publié: Paris Dunod 1958
Tags: Ajouter un tag
Pas de tags, Soyez le premier à ajouter un tag!

MARC

LEADER 00000nam a2200000 4500
001 c126628
005 20041019155238.5
041 0 |a fre 
044 |a FR 
245 1 0 |a Progrés technique et organisation du travail  |b bases du progrés social  |c P. Barbier 
264 1 |a Paris  |b Dunod  |c 1958 
300 |a 271 s. 
100 1 |a Barbier, P.